Psychologie v personalistice ano či ne ?

Psychologické znalosti sú v HR užitočné. Zmena hodnôt a aplikácia psychologických prístupov. Zmena kultúry a psychológia. Citlivé vnímanie svojho okolia.

Salvato in:
Dettagli Bibliografici
Autore principale: Baroňová, Iva
Natura: Capitolo di libro
Lingua:ceco
Soggetti:
Tags: Aggiungi Tag
Nessun Tag, puoi essere il primo ad aggiungerne!!

MARC

LEADER 00000naa$a2200000$$$4500
001 0076625
005 20231019114324.7
041 0 |a cze 
044 |a CZ 
245 1 0 |a Psychologie v personalistice  |b ano či ne ?  |c Iva Baroňová 
520 |a Psychologické znalosti sú v HR užitočné. Zmena hodnôt a aplikácia psychologických prístupov. Zmena kultúry a psychológia. Citlivé vnímanie svojho okolia. 
610 2 0 |a riadenie ľudských zdrojov 
610 2 0 |a psychológia 
610 2 0 |a personalistika 
100 1 |a Baroňová, Iva